[Event "Sportsko leto 2017"]
[Site "Paracin"]
[Date "2017.07.12"]
[Round "7.1"]
[White "Atalik, Suat"]
[Black "Lajthajm, Borko"]
[Result "1/2-1/2"]
[WhiteElo "2525"]
[BlackElo "2434"]
[PlyCount "42"]
[EventDate "2017.??.??"]

1. Nf3 Nf6 2. c4 e6 3. g3 b6 4. Bg2 Bb7 5. O-O Be7 6. d4 O-O 7. Nc3 d5 8. cxd5
Nxd5 9. Nxd5 Bxd5 10. Qc2 f5 11. Bf4 c6 12. Rfd1 Nd7 13. Ne5 Nxe5 14. Bxe5 Qe8
15. e4 fxe4 16. Bxe4 Qh5 17. f4 Bf6 18. Bxd5 cxd5 19. Re1 Rac8 20. Qe2 Qxe2 21.
Rxe2 Rc6 1/2-1/2

[Event "Sportsko leto 2017"]
[Site "Paracin"]
[Date "2017.07.12"]
[Round "7.2"]
[White "Ali Marandi, Cemil Can"]
[Black "Petrov, Martin"]
[Result "1-0"]
[WhiteElo "2515"]
[BlackElo "2417"]
[PlyCount "79"]
[EventDate "2017.??.??"]

1. d4 Nf6 2. Bf4 b6 3. Nf3 Bb7 4. e3 Nh5 5. Bg5 h6 6. Bh4 g5 7. Nfd2 Nf6 8. Bg3
Bg7 9. c4 c5 10. d5 b5 11. Nc3 b4 12. Nce4 Nxe4 13. Nxe4 Bxb2 14. Rb1 Bg7 15.
Bd3 Na6 16. Qh5 Qa5 17. O-O Rf8 18. f4 Qa3 19. Rbd1 gxf4 20. Rxf4 Qb2 21. Rdf1
O-O-O 22. Rxf7 Qa3 23. Rd1 Rxf7 24. Qxf7 Bf8 25. Bh4 b3 26. Bxe7 bxa2 27. Bxd8
a1=Q 28. Rxa1 Qxa1+ 29. Bf1 Kxd8 30. Qxf8+ Kc7 31. Qd6+ Kd8 32. Nxc5 Nxc5 33.
Qf8+ Kc7 34. Qxc5+ Kb8 35. Qd6+ Kc8 36. Qf8+ Kc7 37. d6+ Kb6 38. Qd8+ Kc5 39.
Qxd7 Bc6 40. Qe7 1-0

[Event "Sportsko leto 2017"]
[Site "Paracin"]
[Date "2017.07.12"]
[Round "7.3"]
[White "Savic, Miodrag R"]
[Black "Zanan, Evgeny"]
[Result "1/2-1/2"]
[WhiteElo "2492"]
[BlackElo "2428"]
[PlyCount "55"]
[EventDate "2017.??.??"]

1. e4 e6 2. d4 d5 3. e5 c5 4. c3 Nc6 5. Nf3 Qb6 6. Be2 f6 7. O-O fxe5 8. dxe5
Nge7 9. Bd3 g6 10. c4 Bg7 11. Nc3 O-O 12. cxd5 exd5 13. Nxd5 Nxd5 14. Bc4 Kh8
15. Bxd5 Bg4 16. h3 Bxf3 17. Bxf3 Nxe5 18. Be4 Rad8 19. Qb3 Rd4 20. Qxb6 axb6
21. Bxb7 Nd3 22. Be3 Rdd8 23. Rab1 Nxb2 24. Rfc1 Nd3 25. Rd1 Nb2 26. Rdc1 Nd3
27. Rc4 Nb2 28. Rcc1 1/2-1/2

[Event "Sportsko leto 2017"]
[Site "Paracin"]
[Date "2017.07.12"]
[Round "7.4"]
[White "Fernandez, Daniel Howard"]
[Black "Kobo, Ori"]
[Result "1-0"]
[WhiteElo "2485"]
[BlackElo "2494"]
[PlyCount "85"]
[EventDate "2017.??.??"]

1. Nf3 d5 2. c4 d4 3. b4 Bg4 4. d3 Bxf3 5. exf3 e5 6. b5 Bb4+ 7. Bd2 Bxd2+ 8.
Nxd2 Nd7 9. g3 Ngf6 10. Bh3 O-O 11. O-O Nc5 12. Nb3 Qd6 13. a4 a6 14. Nxc5 Qxc5
15. Re1 Rfe8 16. Qd2 h6 17. Bf5 Re7 18. Rab1 a5 19. Be4 Nxe4 20. fxe4 b6 21. f4
exf4 22. gxf4 f5 23. e5 Kh7 24. Kh1 Re6 25. Rg1 Rd8 26. Qg2 Rd7 27. Rbf1 g6 28.
Rf3 Qe7 29. Rg3 Qf7 30. h4 h5 31. Rg5 Rd8 32. Kh2 Rd7 33. Qf3 Rd8 34. Kh3 Kh6
35. Kh2 Kh7 36. R5g2 Qe7 37. Kh3 Rd7 38. Rc2 Qa3 39. c5 Qxa4 40. Rcg2 Kh6 41.
Qa8 Qxb5 42. Qh8+ Rh7 43. Rxg6+ 1-0

[Event "Sportsko leto 2017"]
[Site "Paracin"]
[Date "2017.07.12"]
[Round "7.5"]
[White "Tan, Justin"]
[Black "Blagojevic, Dragisa"]
[Result "0-1"]
[WhiteElo "2462"]
[BlackElo "2483"]
[PlyCount "81"]
[EventDate "2017.??.??"]

1. e4 e5 2. Nf3 Nc6 3. Bc4 Bc5 4. O-O Nf6 5. d3 O-O 6. a4 a6 7. h3 d6 8. Re1
Be6 9. Nbd2 Re8 10. Bxe6 Rxe6 11. c3 d5 12. Qc2 a5 13. Nf1 h6 14. Ng3 Qd7 15.
Qb3 b6 16. Bd2 Rd8 17. Qb5 d4 18. Rad1 dxc3 19. Bxc3 Nd4 20. Nxd4 Bxd4 21. Qb3
Bc5 22. Nf5 Ree8 23. Qc2 Qc6 24. Kh2 Bf8 25. Ne3 Nd7 26. Nc4 f6 27. b3 Nc5 28.
g3 Ne6 29. Rf1 Rd7 30. f4 exf4 31. gxf4 Red8 32. Qg2 Nc5 33. Qg6 Qe6 34. Ne3
Qf7 35. Qg2 Rxd3 36. Ng4 Kh7 37. Rxd3 Rxd3 38. Ba1 h5 39. Nf2 Rxb3 40. Rd1 Bd6
41. e5 0-1

[Event "Sportsko leto 2017"]
[Site "Paracin"]
[Date "2017.07.12"]
[Round "7.6"]
[White "Nestorovic, Dejan"]
[Black "Ostojic, Nikola"]
[Result "1-0"]
[WhiteElo "2358"]
[BlackElo "2412"]
[PlyCount "81"]
[EventDate "2017.??.??"]

1. d4 g6 2. c4 Bg7 3. e4 c5 4. d5 e5 5. Nc3 d6 6. Bd3 Nd7 7. Nge2 h5 8. h4 Bh6
9. Bxh6 Nxh6 10. Qd2 a6 11. Ng3 f6 12. Nf1 Qe7 13. Ne3 Qh7 14. f3 f5 15. O-O-O
f4 16. Nc2 Nf7 17. Rdg1 Qh6 18. Kb1 Rb8 19. a4 b6 20. Qf2 O-O 21. g4 fxg3 22.
Rxg3 Kh7 23. Rhg1 Rg8 24. Ne3 Nf6 25. Bf1 g5 26. Bh3 g4 27. fxg4 hxg4 28. Bxg4
Qf4 29. Rf3 Rxg4 30. Nxg4 Nxg4 31. Rxf4 exf4 32. Qxf4 Nfe5 33. Qg5 Rb7 34. Qd8
Bd7 35. b3 Nf7 36. Qa8 Rc7 37. Qb8 Rc8 38. Qxb6 Kg6 39. Qxa6 Kf6 40. Rf1+ Ke7
41. Rxf7+ 1-0

[Event "Sportsko leto 2017"]
[Site "Paracin"]
[Date "2017.07.12"]
[Round "7.7"]
[White "Damljanovic, Branko"]
[Black "Ivic, Velimir"]
[Result "1-0"]
[WhiteElo "2544"]
[BlackElo "2375"]
[PlyCount "79"]
[EventDate "2017.??.??"]

1. d4 Nf6 2. c4 g6 3. Nc3 Bg7 4. e4 d6 5. Be2 O-O 6. Nf3 e5 7. Be3 Ng4 8. Bg5
f6 9. Bh4 Nc6 10. d5 Ne7 11. Nd2 f5 12. Bxg4 fxg4 13. Bg5 h6 14. Be3 c5 15. Rb1
g5 16. O-O Ng6 17. b4 b6 18. bxc5 bxc5 19. Qa4 Nf4 20. Rb3 Bd7 21. Qa6 Bc8 22.
Qa3 h5 23. Rfb1 h4 24. Qc1 Qd7 25. Qe1 Bf6 26. Nf1 Bd8 27. Ra3 Bc7 28. Nb5 Bb6
29. Bd2 Qd8 30. Ne3 a6 31. Qd1 Rb8 32. Nc3 Bd7 33. Rxa6 Bc7 34. Nb5 h3 35. g3
Ng6 36. Ra7 Bb6 37. Ra3 Rf3 38. Nxd6 Qf6 39. Ndf5 Qf8 40. Ra6 1-0

[Event "Sportsko leto 2017"]
[Site "Paracin"]
[Date "2017.07.12"]
[Round "7.8"]
[White "Brankovic, Dejan"]
[Black "Sanal, Vahap"]
[Result "0-1"]
[WhiteElo "2377"]
[BlackElo "2533"]
[PlyCount "62"]
[EventDate "2017.??.??"]

1. Nf3 Nf6 2. g3 b6 3. Bg2 Bb7 4. O-O e6 5. d3 d5 6. e4 Be7 7. Re1 c5 8. e5
Nfd7 9. h4 Nc6 10. Bf4 O-O 11. Nbd2 b5 12. c3 Nb6 13. Qe2 a5 14. h5 Qd7 15. h6
g6 16. Bg5 Rfd8 17. Bxe7 Qxe7 18. d4 Ba6 19. Nb3 b4 20. Qd1 bxc3 21. bxc3 Nd7
22. dxc5 Qf8 23. Qd2 a4 24. Nbd4 Rdc8 25. Rab1 Nxc5 26. Nxc6 Rxc6 27. Nd4 Rc7
28. Nb5 Bxb5 29. Rxb5 Rac8 30. Rb4 a3 31. c4 Nd3 0-1

[Event "Sportsko leto 2017"]
[Site "Paracin"]
[Date "2017.07.12"]
[Round "7.9"]
[White "Nestorovic, Lazar"]
[Black "Zajic, Milan"]
[Result "1-0"]
[WhiteElo "2371"]
[BlackElo "2513"]
[PlyCount "54"]
[EventDate "2017.??.??"]

1. e4 e6 2. d4 d5 3. exd5 exd5 4. c4 Nf6 5. Nc3 Bb4 6. Bd3 O-O 7. Nge2 dxc4 8.
Bxc4 Nbd7 9. O-O Nb6 10. Bb3 Nfd5 11. Qd3 c6 12. Bc2 g6 13. Ne4 Re8 14. N2g3
Be7 15. Bb3 Nc7 16. f4 Be6 17. f5 Bxb3 18. axb3 Nb5 19. Qf3 Nxd4 20. Qf2 Nxf5
21. Nxf5 gxf5 22. Bd2 Bh4 23. Qxf5 Qd4+ 24. Kh1 Nd5 25. Ra4 Qe5 26. Qg4+ Kh8
27. Qxh4 b5 1-0

[Event "Sportsko leto 2017"]
[Site "Paracin"]
[Date "2017.07.12"]
[Round "7.10"]
[White "Kovacevic, Aleksandar"]
[Black "Sarenac, David"]
[Result "0-1"]
[WhiteElo "2507"]
[BlackElo "2329"]
[PlyCount "120"]
[EventDate "2017.??.??"]

1. e4 g6 2. d4 d6 3. Nc3 a6 4. f4 b5 5. Bd3 Nd7 6. a4 b4 7. Nce2 c5 8. c3 Qc7
9. cxb4 cxd4 10. Nxd4 e5 11. Nc2 Ngf6 12. Nf3 Bb7 13. Qe2 Bg7 14. fxe5 dxe5 15.
O-O O-O 16. Ra3 Rac8 17. Rc3 Qb8 18. a5 Qa8 19. Re1 Nh5 20. g3 h6 21. Rxc8 Rxc8
22. Nd2 Nhf6 23. b3 Bf8 24. Nc4 Bc6 25. Bb2 Re8 26. Bc3 Qb7 27. Nd2 Nb8 28. Rf1
Kg7 29. Bc4 Bd6 30. Ne3 Re7 31. Nd5 Nxd5 32. exd5 Bxd5 33. Bxd5 Qxd5 34. Nc4
Bc7 35. Rd1 Qe6 36. Qe4 Kh7 37. Rd2 f6 38. Kg2 Rd7 39. Rxd7+ Qxd7 40. Ne3 Bd8
41. Qc4 Kg7 42. Nd5 h5 43. Be1 Nc6 44. Bf2 Qb7 45. Bc5 Be7 46. Kf2 Bxc5+ 47.
Qxc5 Qd7 48. Ke1 Nd4 49. Qc7 Qxc7 50. Nxc7 Nc2+ 51. Kd2 Nxb4 52. Kc3 Nc6 53. b4
Nb8 54. Kc4 f5 55. Kc5 Kf7 56. Kd6 e4 57. Nd5 g5 58. h4 f4 59. gxf4 gxh4 60.
Ne3 h3 0-1

[Event "Sportsko leto 2017"]
[Site "Paracin"]
[Date "2017.07.12"]
[Round "7.11"]
[White "Ersahin, Bulent"]
[Black "Kosic, Dragan"]
[Result "0-1"]
[WhiteElo "2145"]
[BlackElo "2487"]
[PlyCount "68"]
[EventDate "2017.??.??"]

1. e4 e6 2. d4 d5 3. Nc3 Nf6 4. Bg5 dxe4 5. Nxe4 Be7 6. Bxf6 gxf6 7. Nf3 f5 8.
Nc3 a6 9. Qe2 Qd6 10. O-O-O Nd7 11. g3 b5 12. Bg2 Bb7 13. Rhe1 b4 14. Na4 Bd5
15. b3 O-O 16. Kb1 Bf6 17. Qe3 Bg7 18. Nh4 Nf6 19. c4 bxc3 20. Nxc3 Ng4 21. Qd2
Bxg2 22. Nxg2 Nxh2 23. Nh4 Ng4 24. f3 Nf6 25. g4 fxg4 26. Rg1 Rfd8 27. fxg4 Nd5
28. Nf3 Qf4 29. Nxd5 Qxf3 30. Ne7+ Kf8 31. Qc2 Kxe7 32. Rgf1 Qd5 33. Qxh7 Qg5
34. Rc1 Rac8 0-1

[Event "Sportsko leto 2017"]
[Site "Paracin"]
[Date "2017.07.12"]
[Round "7.12"]
[White "Cabarkapa, Novak"]
[Black "Becker, Marcel"]
[Result "1-0"]
[WhiteElo "2426"]
[BlackElo "2339"]
[PlyCount "73"]
[EventDate "2017.??.??"]

1. b3 d5 2. Bb2 c5 3. e3 a6 4. f4 Nc6 5. Nf3 Bg4 6. h3 Bxf3 7. Qxf3 e6 8. g3
Nf6 9. Bg2 Bd6 10. O-O O-O 11. d3 e5 12. c4 Re8 13. cxd5 Nb4 14. e4 Nc2 15. Nd2
Nxa1 16. Bxa1 b5 17. b4 Nd7 18. fxe5 Bxe5 19. Qxf7+ Kh8 20. bxc5 Bxa1 21. Rxa1
Rf8 22. Qh5 Qf6 23. Nb3 Nxc5 24. Kh1 Nxd3 25. Qe2 Qc3 26. Rg1 Ne5 27. Kh2 Rf3
28. Rc1 Qd3 29. Qxd3 Rxd3 30. Rc7 Rf8 31. Re7 Nf3+ 32. Bxf3 Rdxf3 33. h4 Rf2+
34. Kh3 h5 35. d6 R2f7 36. Rxf7 Rxf7 37. e5 1-0

[Event "Sportsko leto 2017"]
[Site "Paracin"]
[Date "2017.07.12"]
[Round "7.13"]
[White "Radovanovic, Mihajlo"]
[Black "Haria, Ravi"]
[Result "1-0"]
[WhiteElo "2337"]
[BlackElo "2417"]
[PlyCount "77"]
[EventDate "2017.??.??"]

1. Nf3 Nf6 2. g3 e6 3. Bg2 d5 4. O-O Be7 5. d3 O-O 6. Nbd2 c5 7. e4 dxe4 8.
dxe4 Nc6 9. c3 Qc7 10. Re1 Rd8 11. e5 Nd7 12. Qe2 Nf8 13. h4 h6 14. h5 b6 15.
Ne4 a5 16. Bf4 Ba6 17. c4 Rab8 18. Nd6 Nh7 19. Rad1 Ng5 20. Nxg5 hxg5 21. Bc1
Nd4 22. Qg4 f5 23. exf6 Bxd6 24. Bxg5 Bb7 25. h6 g6 26. f7+ Kh7 27. Bxd8 Rxd8
28. Rxd4 cxd4 29. Rxe6 Qxf7 30. Bxb7 Qf5 31. Rxg6 Qxg4 32. Rxg4 Bc5 33. Be4+
Kxh6 34. Rg6+ Kh5 35. Kg2 Re8 36. Bd3 Re1 37. Rc6 Kg5 38. f4+ Kh5 39. Kf2 1-0

[Event "Sportsko leto 2017"]
[Site "Paracin"]
[Date "2017.07.12"]
[Round "7.14"]
[White "Paradzik, Berislav"]
[Black "Mcphillips, Joseph"]
[Result "0-1"]
[WhiteElo "2066"]
[BlackElo "2400"]
[PlyCount "92"]
[EventDate "2017.??.??"]

1. Nf3 Nf6 2. c4 c6 3. d4 d5 4. cxd5 cxd5 5. Nc3 Nc6 6. Bf4 Bf5 7. Rc1 Qb6 8.
Na4 Qa5+ 9. Bd2 Qd8 10. e3 e6 11. Qb3 Rb8 12. Nc5 Bxc5 13. Rxc5 O-O 14. Bd3 Bg4
15. O-O Nd7 16. Rcc1 Qf6 17. Ne1 Nb6 18. a4 Bf5 19. Be2 Qe7 20. a5 Nd7 21. Nd3
Qg5 22. Rfd1 Qd8 23. Qa4 Qh4 24. Nb4 Nf6 25. Be1 Qg5 26. Nxc6 bxc6 27. b4 Be4
28. Bf1 Bf3 29. Rd3 e5 30. Kh1 Be4 31. Rdc3 Qh5 32. f3 exd4 33. exd4 Bg6 34.
Bg3 Rbd8 35. Rxc6 Qg5 36. Qa2 Nh5 37. Qf2 Nxg3+ 38. hxg3 Rd6 39. Kg1 Rxc6 40.
Rxc6 Qf5 41. b5 Qb1 42. Qe3 Bf5 43. Rc7 h6 44. Rxa7 Rc8 45. Re7 Rc1 46. Qe2 Bd3
0-1

[Event "Sportsko leto 2017"]
[Site "Paracin"]
[Date "2017.07.12"]
[Round "7.15"]
[White "Radovanovic, Nikola"]
[Black "Harvey, Marcus R"]
[Result "0-1"]
[WhiteElo "2399"]
[BlackElo "2292"]
[PlyCount "164"]
[EventDate "2017.??.??"]

1. d4 Nf6 2. c4 e6 3. Nc3 Bb4 4. g3 O-O 5. Bg2 d5 6. Nf3 c6 7. O-O b6 8. Qc2
Ba6 9. cxd5 exd5 10. a3 Bxc3 11. bxc3 Nbd7 12. Re1 Re8 13. Bf4 Ne4 14. Nd2 Nxd2
15. Qxd2 Nf6 16. f3 Nh5 17. Bg5 f6 18. Be3 f5 19. Bf2 Bc4 20. h3 Qf6 21. e3 Qd6
22. g4 Ng3 23. gxf5 Nxf5 24. e4 Ne7 25. Qg5 Qg6 26. Qh4 Qf7 27. Bg3 Ng6 28. Qg4
Rf8 29. e5 Bd3 30. Kh2 Bf5 31. Qg5 Be6 32. h4 Qd7 33. Qd2 Rf5 34. Rh1 Raf8 35.
a4 Qe7 36. Kg1 Rh5 37. Qf2 Nf4 38. Rf1 Qf7 39. Qe3 Nxg2 40. Kxg2 Qf5 41. Rf2
Qg6 42. Re2 Rhf5 43. Rf2 Qh5 44. Rh2 Kf7 45. f4 Kg6 46. Qf3 R5f7 47. Qxh5+ Kxh5
48. Kf3 Bf5 49. Rf1 Bg4+ 50. Ke3 Kg6 51. Be1 h5 52. Rb2 Rb7 53. Bd2 Kf5 54.
Rfb1 Ke6 55. a5 b5 56. Bc1 Bf5 57. Ra1 Be4 58. a6 Rc7 59. Rf2 c5 60. Bb2 cxd4+
61. cxd4 Rfc8 62. Ra5 Rb8 63. Ra1 Rb6 64. Rg1 g6 65. f5+ Bxf5 66. Rxf5 gxf5 67.
Kf4 Kf7 68. Kxf5 Rc2 69. Bc1 b4 70. Rf1 Rg2 71. Rf3 b3 72. Ba3 Ra2 73. Kg5+ Ke8
74. Rf8+ Kd7 75. Rf7+ Kc6 76. Rf6+ Kb5 77. e6 Rg2+ 78. Kf5 b2 79. Bxb2 Rxb2 80.
e7 Re2 81. Rxb6+ Kxb6 82. Kf6 Kxa6 0-1

[Event "International Tournament "]
[Site "Paracin, Hotel "]
[Date "2017.07.12"]
[Round "7.16"]
[White "Radovic, Janko"]
[Black "Kadric, Denis"]
[Result "0-1"]
[WhiteElo "2306"]
[BlackElo "2515"]
[PlyCount "84"]
[EventDate "2017.07.07"]

1. e4 g6 2. d4 d6 3. Nc3 a6 4. f4 Nd7 5. Nf3 b5 6. Bd3 c5 7. e5 cxd4 8. Be4
dxc3 9. Bxa8 Bg7 10. O-O Qc7 11. Kh1 Nh6 12. bxc3 O-O 13. exd6 exd6 14. Rb1 Nb6
15. Be4 Na4 16. Bd2 Be6 17. Nd4 Bxa2 18. Ra1 Bc4 19. Re1 d5 20. Bf3 Nf5 21.
Nxf5 gxf5 22. Ra3 Ra8 23. Qc1 a5 24. Re3 Nc5 25. Qe1 Qc6 26. Qh4 a4 27. Qh3 Qd7
28. Re1 Ra6 29. Be3 Ne4 30. Bxe4 dxe4 31. Raa1 Rh6 32. Qg3 Rg6 33. Rad1 Qc7 34.
Qh4 Bf6 35. Qh3 Bxc3 36. Qh4 Kg7 37. Bd4+ Bxd4 38. Rxd4 Qc5 39. Red1 Rg4 40.
Qh3 Be6 41. c4 b4 42. R4d2 a3 0-1

[Event "International Tournament "]
[Site "Paracin, Hotel "]
[Date "2017.07.12"]
[Round "7.17"]
[White "Nestorovic, Nikola"]
[Black "Lazov, Toni"]
[Result "1-0"]
[WhiteElo "2509"]
[BlackElo "2279"]
[PlyCount "101"]
[EventDate "2017.07.07"]

1. e4 c5 2. Nf3 d6 3. d4 Nf6 4. Nc3 cxd4 5. Nxd4 a6 6. h3 e5 7. Nf3 Qc7 8. Nh2
Be6 9. Be2 Nbd7 10. a4 Be7 11. Ng4 Qc6 12. Bf3 O-O 13. O-O b5 14. Ne3 b4 15.
Ncd5 Bxd5 16. Nf5 Rfe8 17. exd5 Qb7 18. g4 e4 19. Bg2 Bf8 20. Bf4 Nxd5 21. Bxd6
Rad8 22. Re1 g6 23. Bxf8 Nxf8 24. Rxe4 Rxe4 25. Nh6+ Kg7 26. Bxe4 Kxh6 27. Qd2+
Kg7 28. Rd1 Qe7 29. Bxd5 Qe5 30. c4 Ne6 31. Re1 Qf4 32. Re3 Qd4 33. Qxd4+ Nxd4
34. Re7 Kf6 35. Rxf7+ Kg5 36. f4+ Kh4 37. Kg2 h5 38. gxh5 gxh5 39. Re7 Rd6 40.
Re4 Nf5 41. Re5 Rg6+ 42. Kf2 Rf6 43. c5 Ng3 44. Kf3 Nf5 45. Ke4 Ng3+ 46. Ke3
Nf5+ 47. Kd3 Kg3 48. Ke4 Nh4 49. Rg5+ Kxh3 50. c6 Ng6 51. Rxg6 1-0

[Event "International Tournament "]
[Site "Paracin, Hotel "]
[Date "2017.07.12"]
[Round "7.18"]
[White "Injac, Teodora"]
[Black "Costachi, Mihnea"]
[Result "0-1"]
[WhiteElo "2290"]
[BlackElo "2427"]
[PlyCount "70"]
[EventDate "2017.07.07"]

1. d4 Nf6 2. Nf3 g6 3. c4 Bg7 4. Nc3 O-O 5. e4 d6 6. h3 e5 7. dxe5 dxe5 8. Be3
Nc6 9. Qd3 Nb4 10. Qe2 Nxe4 11. Nxe4 f5 12. c5 fxe4 13. Qc4+ Nd5 14. Ng5 Kh8
15. O-O-O c6 16. Be2 Qe7 17. h4 h6 18. Nxe4 Be6 19. Qc2 Rad8 20. a3 b6 21. Kb1
b5 22. Qc1 Nf4 23. Bf3 Bg8 24. Qc2 b4 25. axb4 Rb8 26. Qa4 Bd5 27. Qa3 a5 28.
bxa5 Rb3 29. Qa1 Rfb8 30. a6 Nd3 31. Rd2 Qa7 32. Rhd1 Nxb2 33. Rxb2 Rxb2+ 34.
Qxb2 Rxb2+ 35. Kxb2 Qxa6 0-1

[Event "International Tournament "]
[Site "Paracin, Hotel "]
[Date "2017.07.12"]
[Round "7.19"]
[White "Strugnell, Carl"]
[Black "Mesaros, Florian"]
[Result "1/2-1/2"]
[WhiteElo "2271"]
[BlackElo "2415"]
[PlyCount "124"]
[EventDate "2017.07.07"]

1. e4 e5 2. Nf3 Nc6 3. Bb5 a6 4. Ba4 Nf6 5. O-O Be7 6. Re1 b5 7. Bb3 d6 8. c3
O-O 9. d4 Bg4 10. Be3 Bh5 11. h3 exd4 12. cxd4 Na5 13. Nbd2 Nxb3 14. axb3 d5
15. e5 Ne4 16. Qc2 Nxd2 17. Nxd2 f5 18. exf6 Bxf6 19. Rac1 Rf7 20. Qc6 Re7 21.
b4 Be8 22. Qc3 Qd6 23. g3 a5 24. bxa5 b4 25. Qb3 Rxa5 26. Bf4 Rxe1+ 27. Rxe1
Qf8 28. Bxc7 Bxd4 29. Nf3 Ba4 30. Qd3 Bxf2+ 31. Kxf2 Qc5+ 32. Qd4 Qxc7 33. Qxb4
Ra8 34. Re7 Qc2+ 35. Re2 Qf5 36. g4 Qf7 37. Re7 Qf6 38. g5 Qf8 39. Qb7 Rd8 40.
Kg3 d4 41. Ne5 Be8 42. Qc7 Rc8 43. Qd6 Kh8 44. Qe6 Bh5 45. Kh4 Qf4+ 46. Ng4 Rg8
47. Qe4 Qxe4 48. Rxe4 Bxg4 49. Kxg4 Rd8 50. Re2 g6 51. Rd2 Kg7 52. Kf4 Rd5 53.
h4 Rb5 54. Ke4 Rb4 55. Rh2 Kf7 56. Kd5 d3 57. Kc5 Re4 58. Rd2 Re2 59. Rxd3 Rxb2
60. Rd7+ Kg8 61. Rd8+ Kf7 62. Rd7+ Kg8 1/2-1/2

[Event "International Tournament "]
[Site "Paracin, Hotel "]
[Date "2017.07.12"]
[Round "7.20"]
[White "Cvetanovic, Uros"]
[Black "Djordjevic, Vuk"]
[Result "1/2-1/2"]
[WhiteElo "2266"]
[BlackElo "2377"]
[PlyCount "33"]
[EventDate "2017.07.07"]

1. g3 d5 2. Bg2 c5 3. Nf3 Nc6 4. O-O Nf6 5. d3 e6 6. Nbd2 Be7 7. e4 O-O 8. Re1
b5 9. e5 Nd7 10. Nf1 a5 11. h4 b4 12. N1h2 Ba6 13. Bg5 Re8 14. Ng4 Nd4 15. Qd2
Nxf3+ 16. Bxf3 a4 17. Qf4 1/2-1/2

[Event "International Tournament "]
[Site "Paracin, Hotel "]
[Date "2017.07.12"]
[Round "7.21"]
[White "Emiroglu, Cankut"]
[Black "Atakisi, Umut"]
[Result "1/2-1/2"]
[WhiteElo "2277"]
[BlackElo "2373"]
[PlyCount "73"]
[EventDate "2017.07.07"]

1. e4 c5 2. Nf3 Nc6 3. Bb5 d6 4. d4 cxd4 5. Qxd4 Bd7 6. Bxc6 Bxc6 7. Nc3 h6 8.
Qd3 e5 9. Nd2 Nf6 10. Nc4 b5 11. Ne3 Qb6 12. Ncd5 Nxd5 13. Nxd5 Qb7 14. Be3
Bxd5 15. exd5 Be7 16. a4 b4 17. Qb5+ Qxb5 18. axb5 Rb8 19. b6 axb6 20. Ra4 b5
21. Rxb4 Kd7 22. Kd2 Rhc8 23. Ra1 Bg5 24. Ra7+ Rc7 25. Rxc7+ Kxc7 26. Bxg5 hxg5
27. Rg4 f6 28. h4 Rh8 29. hxg5 f5 30. Rg3 Rh4 31. Rf3 Rd4+ 32. Rd3 Rg4 33. g3
Kb6 34. Rc3 Rd4+ 35. Kc1 Rxd5 36. Rc8 f4 37. gxf4 1/2-1/2

[Event "International Tournament "]
[Site "Paracin, Hotel "]
[Date "2017.07.12"]
[Round "7.22"]
[White "Popovic, Aleksandar M"]
[Black "Dimitrov, Vladimir"]
[Result "1/2-1/2"]
[WhiteElo "2255"]
[BlackElo "2359"]
[PlyCount "31"]
[EventDate "2017.07.07"]

1. g3 c5 2. Bg2 g6 3. e4 Bg7 4. Ne2 Nc6 5. O-O d6 6. c3 e5 7. Na3 Nge7 8. d3
O-O 9. Be3 b6 10. Qd2 Bg4 11. f3 Be6 12. Rfd1 d5 13. g4 d4 14. cxd4 cxd4 15.
Bf2 Rc8 16. Nc2 1/2-1/2

[Event "International Tournament "]
[Site "Paracin, Hotel "]
[Date "2017.07.12"]
[Round "7.23"]
[White "Jocev, Milan"]
[Black "Dimic, Pavle"]
[Result "1/2-1/2"]
[WhiteElo "2185"]
[BlackElo "2351"]
[PlyCount "60"]
[EventDate "2017.07.07"]

1. e4 c5 2. Nf3 d6 3. Bb5+ Bd7 4. Bxd7+ Qxd7 5. O-O Nf6 6. e5 dxe5 7. Nxe5 Qc8
8. Nc3 e6 9. Qe2 Be7 10. d3 O-O 11. Bg5 h6 12. Bh4 Nc6 13. Nxc6 Qxc6 14. Ne4
Nd5 15. Bxe7 Nxe7 16. Ng3 Qd5 17. Rfe1 Rfd8 18. Qe4 Nc6 19. Qg4 Qd4 20. Qxd4
cxd4 21. a3 Rac8 22. Kf1 Ne7 23. Rec1 Nd5 24. Ne2 Nb6 25. Ke1 Rc5 26. Kd2 Rcd5
27. h3 e5 28. f4 exf4 29. Nxf4 Rb5 30. b3 g5 1/2-1/2

[Event "International Tournament "]
[Site "Paracin, Hotel "]
[Date "2017.07.12"]
[Round "7.24"]
[White "Chekletsov, Ilya"]
[Black "Zegarac, Vuk"]
[Result "1-0"]
[WhiteElo "2350"]
[BlackElo "2276"]
[PlyCount "85"]
[EventDate "2017.07.07"]

1. d4 d5 2. c4 Nc6 3. Nc3 Nf6 4. Nf3 dxc4 5. e4 Bg4 6. Be3 e6 7. Bxc4 Bb4 8.
Qd3 O-O 9. Nd2 e5 10. d5 Ne7 11. f3 Bc8 12. a3 Ba5 13. Ba2 Bb6 14. Bxb6 axb6
15. Nc4 Ng6 16. O-O-O Ne8 17. g3 Nd6 18. h4 Re8 19. Kb1 Qf6 20. Rhf1 h5 21. Rc1
Bd7 22. Qe3 b5 23. Nd2 Rac8 24. Nb3 Nc4 25. Qf2 b6 26. Nd2 Nd6 27. Bb3 Nf8 28.
Ka1 Ra8 29. Na2 Ra7 30. Nb4 Rea8 31. Kb1 Qg6 32. Rc3 Be8 33. Bc2 Qf6 34. f4 Nd7
35. Qe2 Nc5 36. Qxh5 exf4 37. e5 g6 38. Qe2 f3 39. Qe3 Qe7 40. exd6 Qxd6 41.
Qxf3 Nd7 42. Qf4 Ne5 43. Nf3 1-0

[Event "International Tournament "]
[Site "Paracin, Hotel "]
[Date "2017.07.12"]
[Round "7.25"]
[White "Ardeleanu, Alin"]
[Black "Radovic, Luka"]
[Result "1/2-1/2"]
[WhiteElo "2339"]
[BlackElo "2264"]
[PlyCount "40"]
[EventDate "2017.07.07"]

1. e4 c5 2. Nf3 d6 3. Bb5+ Bd7 4. Bxd7+ Qxd7 5. O-O Nf6 6. Re1 Nc6 7. d4 cxd4
8. Nxd4 g6 9. f3 Bg7 10. c4 O-O 11. Be3 Rfc8 12. Na3 a6 13. Rc1 Rab8 14. Qd2
Qd8 15. b3 Nd7 16. Red1 Nxd4 17. Bxd4 Bxd4+ 18. Qxd4 Qa5 19. Qb2 Qb6+ 20. Kf1
Nf6 1/2-1/2

[Event "International Tournament "]
[Site "Paracin, Hotel "]
[Date "2017.07.12"]
[Round "7.26"]
[White "Ozenir, Ekin Baris"]
[Black "Cerovic, Danilo"]
[Result "1/2-1/2"]
[WhiteElo "2098"]
[BlackElo "2335"]
[PlyCount "48"]
[EventDate "2017.07.07"]

1. d4 Nf6 2. Bg5 d5 3. Bxf6 gxf6 4. e3 c5 5. Nc3 e6 6. Nge2 f5 7. Qd2 Nc6 8.
O-O-O Bd7 9. Kb1 Qa5 10. h3 h5 11. a3 b5 12. dxc5 b4 13. Na2 Bxc5 14. axb4 Nxb4
15. Nxb4 Qxb4 16. Qxb4 Bxb4 17. c3 Bc5 18. Kc2 h4 19. Nd4 Ke7 20. Be2 Rab8 21.
Ra1 Bb6 22. Rhd1 f6 23. Bf3 Rhg8 24. Ne2 Rbc8 1/2-1/2

[Event "International Tournament "]
[Site "Paracin, Hotel "]
[Date "2017.07.12"]
[Round "7.27"]
[White "Franklin, Samuel G A"]
[Black "Matovic, Mihajlo Z"]
[Result "1/2-1/2"]
[WhiteElo "2312"]
[BlackElo "2266"]
[PlyCount "51"]
[EventDate "2017.07.07"]

1. e4 c5 2. Nf3 d6 3. d4 Nf6 4. Nc3 cxd4 5. Nxd4 a6 6. f3 e5 7. Nb3 Be6 8. Be3
h5 9. Qd2 Nbd7 10. a4 Be7 11. Be2 Rc8 12. a5 Qc7 13. O-O O-O 14. Rac1 Rfe8 15.
Nd5 Nxd5 16. exd5 Bf5 17. c4 Nf6 18. Rfd1 e4 19. f4 Bg4 20. h3 Bxe2 21. Qxe2 h4
22. Rc3 Nd7 23. Qg4 Nf6 24. Qe2 Nd7 25. Qg4 Nf6 26. Qe2 1/2-1/2